Central Library OPAC University of Rajshahi

Seeding and planting in the practice of forestry : (Record no. 73560)

MARC details
000 -LEADER
fixed length control field 00910nam a2200253 a 4500
001 - CONTROL NUMBER
control field 73560
003 - CONTROL NUMBER IDENTIFIER
rucl marc code BD-RjUL
005 - DATE AND TIME OF LATEST TRANSACTION
control field 20211209082418.0
008 - FIXED-LENGTH DATA ELEMENTS--GENERAL INFORMATION
fixed length control field 170603s1931 ua b 00100 eng d
035 ## - SYSTEM CONTROL NUMBER
System control number (BD-RjUL)73778
040 ## - CATALOGING SOURCE
Original cataloging agency ANL
Language of cataloging eng
Modifying agency ANL
-- BD-RjUL
Transcribing agency BD-RjUL
041 ## - LANGUAGE CODE
Language code of text/sound track or separate title eng
082 0# - DEWEY DECIMAL CLASSIFICATION NUMBER
Classification number 634.956
Edition number 23
Author mark and year TOS 1931
100 1# - MAIN ENTRY--PERSONAL NAME
Personal name Toumey, James W.
Fuller form of name (James William)
9 (RLIN) 217664
245 10 - TITLE STATEMENT
Title Seeding and planting in the practice of forestry :
Remainder of title a manual for the guidance of forestry students, foresters, nurserymen, forest owners, and farmers /
Statement of responsibility, etc. by James W. Toumey and Clarence F. Korstian.
250 ## - EDITION STATEMENT
Edition statement 2nd.rev.enl. ed.
260 ## - PUBLICATION, DISTRIBUTION, ETC. (IMPRINT)
Place of publication, distribution, etc. New York :
Name of publisher, distributor, etc. Wiley,
Date of publication, distribution, etc. 1931
300 ## - PHYSICAL DESCRIPTION
Pagination 507 p. :
Illustrations ill. ;
Size 23 cm.
504 ## - BIBLIOGRAPHY, ETC. NOTE
Bibliography, etc Includes bibliographies.
650 #0 - SUBJECT ADDED ENTRY--TOPICAL TERM
Topical term or geographic name as entry element Forests and forestry
Geographic subdivision United States.
9 (RLIN) 217665
Topical term or geographic name as entry element Tree planting.
9 (RLIN) 217666
700 1# - ADDED ENTRY--PERSONAL NAME
Personal name Korstian, Clarence F.
942 ## - ADDED ENTRY ELEMENTS (KOHA)
Source of classification or shelving scheme Dewey Decimal Classification
Koha item type Books
Holdings
Lost status Source of classification or shelving scheme Damaged status Not for loan Collection code Permanent Location Current Location Shelving location Date acquired Source of acquisition Cost, normal purchase price Total Checkouts Full call number Date last seen Copy number Koha item type
  Dewey Decimal Classification   Not For Loan Non-fiction Central Library, University of Rajshahi Central Library, University of Rajshahi Reading Room 20/09/1958 Zeitlinger 34.00   634.956 TOS 1931 04/06/2017 C-1 Books